书目信息 |
| 题名: |
广韵声系
|
|
| 作者: | 沈兼士 主编 | |
| 分册: | 下册 | |
| 出版信息: | 北京 中华书局 1985 |
|
| 页数: | 557-1106页 | |
| 开本: | 20cm | |
| 丛书名: | ||
| 单 册: | ||
| 中图分类: | H113.3 | |
| 科图分类: | ||
| 主题词: | 《广韵》 | |
| 电子资源: | ||
| ISBN: | ||
| 000 | 00622nam0 2200229 45 | |
| 001 | 0185012642 | |
| 005 | 20050105113320.5 | |
| 010 | @dCNY16.45@b精装 | |
| 091 | @a9018.171 | |
| 100 | @a19951030d1985 em y0chiy0121 ea | |
| 101 | 0 | @achi |
| 102 | @aCN@b110000 | |
| 105 | @ay z 000yy | |
| 200 | 10 | @a广韵声系@Aguang yun sheng xi@h下册@f沈兼士主编@FShen Jian Shi Zhu Bian |
| 210 | @a北京@c中华书局@d1985 | |
| 215 | @a557-1106页@c图表@d20cm | |
| 606 | @a《广韵》 | |
| 690 | @aH113.3@v3 | |
| 701 | 0 | @a沈兼士@4主编 |
| 801 | 0 | @aCN@b深圳图书馆@c20040422 |
| 801 | 2 | @aCN@bNLC@c20040422 |
| 905 | @dH113.3@e30:2@f1@b171790 | |
| 广韵声系.下册/沈兼士主编.-北京:中华书局,1985 |
| 557-1106页:图表;20cm |
| ISBN (精装):CNY16.45 |
| ● |
| 相关链接 |
|
|
|
|
正题名:广韵声系
索取号:H113.3/30:2
 
预约/预借
| 序号 | 登录号 | 条形码 | 馆藏地/架位号 | 状态 | 备注 |
| 1 | 0146399 | 001561651 | 工具书阅览室/ [索取号:H113.3/30:2] | 在馆 | |
| 2 | 0146400 | 202078214 | 第二样本阅览室/ [索取号:H113.3/30:2] | 在馆 | |
| 3 | 0171787 | 000831265 | 第四借阅区/ [索取号:H113.3/30:2] | 在馆 | |
| 4 | 0171790 | 000831283 | 第四借阅区/ [索取号:H113.3/30:2] | 在馆 |